| 000 | 00573nam a22001937a 4500 | ||
|---|---|---|---|
| 003 | CEME | ||
| 005 | 20210628203455.0 | ||
| 008 | 210119b xxu||||| |||| 00| 0 eng d | ||
| 020 | _a9780070648111 | ||
| 040 | _cceme | ||
| 082 | _a621.38 TAU | ||
| 100 |
_aTaub, Herbert, Schilling, Donald L, Saha, Goutam _965675 |
||
| 245 | _aPrinciples of communication systems | ||
| 250 | _a3RD | ||
| 260 |
_aDELHI _bTATA MCGRAW HILL _c2008 |
||
| 300 | _aXIII,842P | ||
| 650 |
_aTAUB'S PRINCIPLES OF COMMUNICATION SYSTEMS.COMMUNICATION SYSTEMS PRINCIPLES _965676 |
||
| 942 |
_cBK _2ddc |
||
| 999 |
_c573818 _d573818 |
||